La Ciudad Teatro. El lugar de la escena y otros lugares.

Saved in:
Bibliografiske detaljer
Hovedforfatter: Garcés Alzamora, Andrés Tulio (autor)
Format: Bog
Udgivet: Valparaíso, Chile: Ediciones Universitarias 2019.
Viña del Mar, Chile: Ediciones Escuela de Arquitectura y Diseño PUCV,
Udgivelse:1a. ed
Fag:
Tags: Tilføj Tag
Ingen Tags, Vær først til at tagge denne postø!

MARC

LEADER 00000cam a2200000 a 4500
001 UCC8369
003 CL-VaPUC
005 20240307104947.0
008 220817t2019 ||||| |||| 00| 0 eng d
999 |c 374707  |d 374705 
020 |a 978-956-17-0819-8 
040 |c Pontificia Universidad Católica de Valparaíso 
082 0 4 |a 711.57 GAR 2019  |2 21 
100 |a Garcés Alzamora, Andrés Tulio  |e autor  |9 603043 
245 1 3 |a La Ciudad Teatro.   |b El lugar de la escena y otros lugares. 
250 |a 1a. ed 
260 |a Valparaíso, Chile:  |b Ediciones Universitarias 
260 |a Viña del Mar, Chile:  |b Ediciones Escuela de Arquitectura y Diseño PUCV,  |c 2019. 
300 |a 223 páginas. 
500 |a c.11 Donación Profesor Bruno Cuneo. Memo ART 05/2022. c.FHP. Donación Fernando Vergara Biblioteca Budge. 
583 |a last modification  |c 20190621 12:31:00  |k Rodrigo Vera 
610 0 |9 576472  |a Escuela de Arquitectura y Diseño. Pontificia Universidad Católica de Valparaíso 
650 0 |a Ciudad  |9 622345  |x Arquitectura 
650 0 |a Acto arquitectónico  |9 881921  |x Poesía 
650 0 |a Acto escénico  |9 881920  |y Edad Media  
650 0 |a Espacio escénico  |9 881919  |x Grecia clásica 
650 0 |a Ciudad teatro  |9 881918  |x Acto arquitectónico 
942 |c BK  |2 ddc 
945 |d 20190621 12:31:00  |a dcastane 
952 |0 0  |1 0  |3 erb  |4 0  |6 711_570000000000000_GAR_2019  |7 0  |8 A  |9 493391  |a BIBHIS  |b BIBHIS  |i 5592011  |o 711.57 GAR 2019  |p 5592011  |r 2025-01-20  |w 2019-11-24  |y BK  |z Catalogado en:20190621  |k HIS 
952 |0 0  |1 0  |3 erb  |4 0  |6 711_570000000000000_GAR_2019  |7 0  |8 A  |9 493392  |a BIBHIS  |b BIBHIS  |i 5592003  |o 711.57 GAR 2019  |p 5592003  |r 2025-01-20  |w 2019-11-24  |y BK  |z Catalogado en:20190621  |k HIS 
952 |0 0  |1 0  |3 erb  |4 0  |6 711_570000000000000_GAR_2019  |7 0  |8 A  |9 493393  |a BIBARQ  |b BIBARQ  |i 5591961  |l 9  |o 711.57 GAR 2019  |p 5591961  |r 2025-01-20  |s 2024-04-08  |w 2019-11-24  |y BK  |z Catalogado en:20190621  |k ARQ 
952 |0 0  |1 0  |3 erb  |4 0  |6 711_570000000000000_GAR_2019  |7 0  |8 A  |9 493394  |a BIBARQ  |b BIBARQ  |i 5591953  |l 8  |m 1  |o 711.57 GAR 2019  |p 5591953  |r 2025-01-20  |s 2024-04-01  |w 2019-11-24  |y BK  |z Catalogado en:20190621  |k ARQ 
952 |0 0  |1 0  |3 erb  |4 0  |6 711_570000000000000_GAR_2019  |7 0  |8 A  |9 493395  |a BIBARQ  |b BIBARQ  |i 5591945  |l 8  |m 4  |o 711.57 GAR 2019  |p 5591945  |r 2025-04-25  |s 2025-04-04  |w 2019-11-24  |y BK  |z Catalogado en:20190621  |k ARQ 
952 |0 0  |1 0  |3 erb  |4 0  |6 711_570000000000000_GAR_2019  |7 0  |8 A  |9 493396  |a BIBARQ  |b BIBARQ  |i 5591937  |l 6  |o 711.57 GAR 2019  |p 5591937  |r 2025-01-20  |s 2024-08-05  |w 2019-11-24  |y BK  |z Catalogado en:20190621  |k ARQ 
952 |0 0  |1 0  |3 erb  |4 0  |6 711_570000000000000_GAR_2019  |7 0  |8 A  |9 493397  |a BIBARQ  |b BIBARQ  |i 5591929  |l 9  |m 3  |o 711.57 GAR 2019  |p 5591929  |r 2025-01-20  |s 2023-09-12  |w 2019-11-24  |y BK  |z Catalogado en:20190621  |k ARQ 
952 |0 0  |1 0  |3 erb  |4 0  |6 711_570000000000000_GAR_2019  |7 0  |8 A  |9 493398  |a BIBART  |b BIBART  |i 5591996  |o 711.57 GAR 2019  |p 5591996  |r 2025-03-13  |w 2019-11-24  |y BK  |z Catalogado en:20190621  |k ART 
952 |0 0  |1 0  |3 erb  |4 0  |6 711_570000000000000_GAR_2019  |7 0  |8 A  |9 493399  |a BIBART  |b BIBART  |i 5591988  |o 711.57 GAR 2019  |p 5591988  |r 2025-03-13  |w 2019-11-24  |y BK  |z Catalogado en:20190621  |k ART 
952 |0 0  |1 0  |3 erb  |4 0  |6 711_570000000000000_GAR_2019  |7 0  |8 A  |9 493400  |a BIBART  |b BIBART  |i 559197K  |o 711.57 GAR 2019  |p 559197K  |r 2025-03-13  |w 2019-11-24  |y BK  |z Catalogado en:20190621  |k ART 
952 |0 0  |1 0  |2 ddc  |4 0  |6 711_570000000000000_GAR_2019  |7 0  |8 A  |9 586268  |a BIBEDU  |b BIBEDU  |d 2022-08-17  |e Donación  |i 5654219  |l 1  |o 711.57 GAR 2019  |p 5654219  |r 2023-01-11  |s 2022-09-05  |t 11  |w 2022-08-17  |x Traspaso desde Btca.Arte 14-4-2025  |y BK  |k LIT 
952 |0 0  |1 0  |2 ddc  |4 0  |6 711_570000000000000_GAR_2019  |7 0  |8 X  |9 587497  |a FDOBUD  |b FDOBUD  |d 2022-11-02  |e Donación  |i 5655403  |o 711.57 GAR 2019  |p 5655403  |r 2022-11-02  |w 2022-11-02  |y BK_X  |k FHP 
952 |0 0  |1 0  |2 ddc  |4 0  |6 711_570000000000000_GAR_2019  |7 0  |8 A  |9 596822  |a BIBGIM  |b BIBGIM  |d 2024-09-16  |i 5662756  |o 711.57 GAR 2019  |p 5662756  |r 2025-01-15  |t 12  |w 2024-09-16  |y BK  |k ELE